• 首页
  • 本馆介绍
  • 公告通知
  • 最新文献
  • 馆藏检索
  • 电子资源
  • 读者导购
  • 参考咨询
  • 我的图书馆
  • 登录
  • 详细信息显示
  • 放入我的书架
  • 预约/预借图书
  • 作者相关作品
  • 分类相关作品
  • 丛书相关作品
  • 出版社相关作品

书目信息

  • 表格格式
  • 工作单格式
  • 卡片格式
题名:
英雄之死与美人迟暮
    
 
作者: 孙绍先 著
分册:  
出版信息: 北京   社会科学文献出版社  2000
页数: 204页
开本: 20cm
丛书名: 文学人类学论丛
单 册:
中图分类: I042
科图分类:
主题词: 古典小说--文学研究--中国
电子资源:
ISBN: 7-80149-360-5
000 00691nam0 2200229 45
001 0312010931
005 20031219104122.2
010    @a7-80149-360-5@dCNY14.00
100    @a20031201d2000 km y0chiy0120 ea
101 0  @achi
105    @a z 000yy
200 1  @a英雄之死与美人迟暮@AYing Xiong Zhi Si Yu Mei Ren Chi Mu@f孙绍先著@FSun Shao Xian Zhu
210    @a北京@c社会科学文献出版社@d2000
215    @a204页@d20cm
225    @a文学人类学论丛@f叶舒宪主编
410    @12001 @a文学人类学论丛
410    @1700 0@a叶舒宪@AYe Shu Xian@4主编
606 0  @a古典小说@x文学研究@y中国
690    @aI042@v4
701  0 @a孙绍先@4著
801    @aCN@bTSTC@c20031201
905    @b329064@dI042@e110@f1
    
    英雄之死与美人迟暮/孙绍先著.-北京:社会科学文献出版社,2000
    204页;20cm.-(文学人类学论丛/叶舒宪主编)
    
    
    ISBN 7-80149-360-5:CNY14.00
    
●
相关链接 在E读中查询图书 在五车中查询图书 在当当中查询图书 在豆瓣中查询图书


正题名:英雄之死与美人迟暮     索取号:I042/110         预约/预借

序号 登录号 条形码 馆藏地/架位号 状态 备注
1 0329064   203290642   第一样本阅览室/ [索取号:I042/110] 在馆    
唐山师范学院图书馆 欢迎您!
大连网信软件有限公司© 版权所有